00502nam a2200193 a 4500001001300000003000900013005001700022008004100039020002300080082001600103100002000119245003900139260004400178300000900222500003500231505001000266650001200276700002000288nice12345678IN_TiNIC20260116014612.0050524s2003 lona grp 000 0 eng  a0194243 c17500a211.8bBAG1 aBaggini, Julion aAtheism, a Very Short Introduction aLondan bOxford University Press c2003 a119p aincludes index and biblioraphy2 aIndex aAtheism1 aBaggini, Julion